000
00269nam a2200109Ia 4500
008
220204s9999 xx 000 0 und d
082
_a
331.5.024.54
_b
NAR
100
_a
NARAYANA, D L
245
0
_a
Planning for employment
260
_a
Delhi
_b
Sterling
_c
1980
942
_c
BK
999
_c
35481
_d
35481